000 01483nam a2200313 c 4500
003 BLK
005 20180422120055.0
008 180411b bul|||||r ||||||| ||bul||
010 _aKNG00205042000
040 _aBLK
041 _aBUL
_cBUL
_hENG
080 _aАнглийска литература
_b821.111
_x-32
_z821.111-32
080 _aБългарска литература
_b821.163.2
_x-32
_z821.163.2-32
080 _aРуска литература
_b821.161.1
_x-32
_z821.161.1-32
700 1 _aДанова, Вилиана Георгиева
_eс предг. от
_9385476
139 _aНаемен убиец
_bН 14
245 1 0 _aНаемен убиец
_bСб. разкази и повести от чужди и бълг. авт.
_cс предг. от Вилиана Георгиева Данова.
257 _aBGR
260 София
_bВИКОМ Ко
_c1990
300 _a64 с.
_c21 см
380 _aX
490 1 _aKILLER
500 _aСъдържа : Убежище : Разказ / А. Кристи ; Прев. от англ. ез. В. Данова.- Ръчен багаж : Фантаст. разказ / К. Тилев.- Килар : Кримин. повест / В. Гладки ; Прев. с малки съкр. от рус. Ал. Димитров
852 _aЦб 165389
856 4 _qpdf
_u
856 4 _qpdf
_u
942 _cKNG
_n0
944 _aCR
_c13.04.2017
_kХристина_Везирева
944 _aED
_c13.04.2017
_kХристина_Везирева
999 _c195788
_d195788